Human Anatomy / (Record no. 35499)

MARC details
000 -LEADER
fixed length control field 00509nam a22001937a 4500
005 - DATE AND TIME OF LATEST TRANSACTION
control field 20240328123135.0
008 - FIXED-LENGTH DATA ELEMENTS--GENERAL INFORMATION
fixed length control field 240328b |||||||| |||| 00| 0 eng d
020 ## - INTERNATIONAL STANDARD BOOK NUMBER
ISBN 8123911556
082 ## - DEWEY DECIMAL CLASSIFICATION NUMBER
Classification number 611
Item number CHA-H
100 ## - MAIN ENTRY--AUTHOR
Author Name Chaurasia's B.D
245 ## - TITLE STATEMENT
Title Human Anatomy /
Remainder of title Head, Neck & Brain :
Statement of responsibility, etc. Chaurasia's B.D
250 ## - EDITION STATEMENT
Edition statement 4th ed.
260 ## - PUBLICATION, DISTRIBUTION, ETC.
Place of Publication India :
Name of publisher, distributor, etc. CBS :
Date of publication, distribution, etc. 2007.
300 ## - PHYSICAL DESCRIPTION
Pages xvi ;415p. :
490 ## - SERIES STATEMENT
Volume vol 1:
500 ## - GENERAL NOTE
General note Include Index .
650 ## - SUBJECT ADDED ENTRY--TOPICAL TERM
Subject / Department Medical / Anatomy
300 ## - PHYSICAL DESCRIPTION
-- ill;
-- 27.5 cm.
952 ## - LOCATION AND ITEM INFORMATION (KOHA)
-- 0
-- 0
Holdings
Lost status Damaged status Collection code Permanent Location Current Location Shelving Location Date acquired Full Call Number Accession No./Barcode Date last seen Copy number item type Koha item type
    Medical Superior Information Resource Center (SIRC) Superior University- Central Library Superior Information Resource Center (SIRC) Superior University- Central Library Anatomy 03/28/2024 611 CHA-H 2007 4378 03/28/2024 1 BOOK BOOK

Powered by Koha